000 00923na a2200289 4500
001 14119
003 MIRAKIL
005 20181213155228.0
008 161102b tu 000 0
020 _a9750500857
035 _a14119
040 _aMilas
_btur
_cTR-AnCHP
082 _aCHP 923.2 İsvan, A.
_bİ78b 2002
090 _aCHP 923.2 İsvan,A. İ78b 2002
100 _aİsvan, Ahmet
245 _aBaşkent gölgesinde İstanbul
_cAhmet İsvan
260 _aİstanbul
_bİletişim yayınları
_c2002
300 _a322 s.
_bres.
_c20 sm.
490 _aİletişim yayınları
_v846
490 _aAnı Dizisi
_v39
600 _aİsvan, Ahmet
_cİstanbul Belediye Başkanı
_d1923-
_xAnılar
610 _aCHP
_xYerel yönetimler
_zİstanbul
650 _aBelediye başkanları
_xAnılar
_zİstanbul
650 _a12 Eylül 1980
_xAnılar
_zİstanbul
651 _aİstanbul
_xSiyaset ve yönetim
942 _2ddc
_cBKS
999 _c8918
_d8918